000 01082nam a2200277 i 4500
001 91766
003 ES-MaACL
005 20250822063137.0
007 t|
008 050214s1998 sp ||||1| spa d
020 _a84-86982-82-0
080 _a791.44 Buñuel, Luis
080 _a82(0:791.43)
100 1 _aLópez Villegas, Manuel,
_d1970-
_9165767
245 1 0 _aSade y Buñuel
_b: el Marqués de Sade en la obra cinematográfica de Luis Buñuel /
_cManuel López Villegas.
260 _aTeruel :
_bInstituto de Estudios Turolenses ;
_aZaragoza :
_bDepartamento de Cultura y Educación,
_c[1998]
300 _a181 p. :
_bil. ;
_c26 cm.
490 1 _aColección Luis Buñuel. Estudios y documentos
600 1 4 _aBuñuel, Luis,
_d1900-1983
_932559
650 1 4 _aLiteratura-
_xEn el cine.
_914486
710 2 _aInstituto de Estudios Turolenses.
_94937
710 1 _aAragón.
_bDepartamento de Cultura y Educación.
_91407
830 0 _aColección Luis Buñuel. Estudios y documentos
_9225680
852 _aES-MaACL
_jL-28813
_bR.135303
999 _c91766
_d91766